Curso de formación en tecnología de los alimentos : (Registro nro. 63056)

Detalles MARC
000 -LEADER
campo de control de longitud fija 02218cam a22003254i 4500
003 - IDENTIFICADOR DE NÚMERO DE CONTROL
campo de control PE-LiUPU
005 - FECHA Y HORA DE LA ÚLTIMA TRANSACCIÓN
campo de control 20251126155418.0
008 - DATOS DE LONGITUD FIJA--INFORMACIÓN GENERAL
campo de control de longitud fija 2022xxxxes pe a rb 000 0 spa d
020 ## - NÚMERO INTERNACIONAL ESTÁNDAR DEL LIBRO
Número Internacional Estándar del Libro 9788412496697
035 ## - NÚMERO DE CONTROL DEL SISTEMA
Número de control de sistema PE-LiUPU000014
040 ## - FUENTE DE CATALOGACIÓN
Centro catalogador/agencia de origen PE-LiUPU
Lengua de catalogación spa
Centro/agencia transcriptor PE-LiUPU
Normas de descripción rda
082 04 - NÚMERO DE LA CLASIFICACIÓN DECIMAL DEWEY
Número de clasificación 664
Cutter M183c
Número de edición 23
100 ## - ENTRADA PRINCIPAL--NOMBRE DE PERSONA
Nombre de persona Madrid Vicente, Antonio,
Término indicativo de función/relación autor.
9 (RLIN) 6898
245 10 - MENCIÓN DEL TÍTULO
Título Curso de formación en tecnología de los alimentos :
Resto del título con ejercicios prácticos resueltos /
Mención de responsabilidad, etc. por Antonio Madrid.
264 #1 - PRODUCCIÓN, PUBLICACIÓN, DISTRIBUCIÓN, FABRICACIÓN Y COPYRIGHT
Producción, publicación, distribución, fabricación y copyright Madrid :
Nombre del de productor, editor, distribuidor, fabricante AMV Ediciones,
Fecha de producción, publicación, distribución, fabricación o copyright 2022.
300 ## - DESCRIPCIÓN FÍSICA
Extensión 417 páginas :
Otras características físicas ilustraciones ;
Dimensiones 24 cm
336 ## - TIPO DE CONTENIDO
Término de tipo de contenido texto
Fuente rdacontent
337 ## - TIPO DE MEDIO
Nombre/término del tipo de medio unmediated
Fuente rdamedia
338 ## - TIPO DE SOPORTE
Nombre/término del tipo de soporte volumen
Fuente rdacarrier
504 ## - NOTA DE BIBLIOGRAFÍA, ETC.
Nota de bibliografía, etc. Incluye índice, ejercicios prácticos y soluciones al final del libro.
505 0# - NOTA DE CONTENIDO CON FORMATO
Nota de contenido con formato Los Alimentos -- Alimentos antioxidantes, funcionales y transgénicos -- El Etiquetado nutricional -- Los Aditivos -- Seguridad alimentaria y trazabilidad -- Sistema APPCC -- La leche -- Los productos lácteos -- Los Helados -- Carnes y productos cárnicos -- El Pescado y sus productos derivados -- Huevos y ovoproductos -- Mermeladas, jaleas y miel -- Zumos, néctares y ketchup -- Productos de Bollería, pastelería, galletas, caramelos, chicles, etc... -- Aceites y grasas -- El Café -- Frutos secos -- Condimentos y especias -- Equipamiento industrial en las industrias alimentarias -- Soluciones a ejercicios prácticos.
520 ## - RESUMEN, ETC.
Sumario, etc. Curso completo y actualizado sobre tecnología de los alimentos. Aborda desde conceptos básicos de nutrición, seguridad alimentaria, etiquetado y aditivos, hasta procesos de fabricación industrial y control de calidad. Incluye ejercicios prácticos con soluciones. Dirigido a estudiantes, técnicos y profesionales del sector alimentario.
650 #0 - PUNTO DE ACCESO ADICIONAL DE MATERIA--TÉRMINO DE MATERIA
Término de materia o nombre geográfico como elemento de entrada Tecnología de los alimentos.
9 (RLIN) 6899
650 #0 - PUNTO DE ACCESO ADICIONAL DE MATERIA--TÉRMINO DE MATERIA
Término de materia o nombre geográfico como elemento de entrada Procesamiento de alimentos.
9 (RLIN) 6900
650 #0 - PUNTO DE ACCESO ADICIONAL DE MATERIA--TÉRMINO DE MATERIA
Término de materia o nombre geográfico como elemento de entrada Aditivos alimentarios.
9 (RLIN) 6901
650 #0 - PUNTO DE ACCESO ADICIONAL DE MATERIA--TÉRMINO DE MATERIA
Término de materia o nombre geográfico como elemento de entrada Etiquetado de alimentos.
9 (RLIN) 6902
856 40 - LOCALIZACIÓN Y ACCESO ELECTRÓNICOS
Identificador Uniforme de Recursos <a href="https://www.amvediciones.com/producto/curso-tecnologia-de-los-alimentos">https://www.amvediciones.com/producto/curso-tecnologia-de-los-alimentos</a>
Nota pública Ficha editorial en línea.
942 ## - ELEMENTOS DE ENTRADA SECUNDARIOS (KOHA)
Fuente del sistema de clasificación o colocación Clasificación Decimal Dewey
Tipo de ítem Koha Libros físicos
980 ## - EQUIVALENCIA O REFERENCIA-CRUZADA-MENCIÓN DE SERIE--NOMBRE DE PERSONA/TÍTULO [LOCAL, CANADÁ]
ID del usuario creador del registro 21515
Nombre del creador del registro ROMINA COBOS Adquisiciones
ID del último usuario que modificó el registro 18226
Nombre del último usuario que modificó el registro Jaime Vilcazán Jefe de Análisis Documental
Existencias
Visto por última vez Total de préstamos Signatura topográfica completa Código de barras Copia número Coste, precio de reemplazo Fecha de reemplazo Facultad Tipo de ítem Koha Estado de pérdida Fuente del sistema de clasificación o colocación Restricciones de uso No para préstamo Colección Programa académico Biblioteca de origen Biblioteca actual Ubicación en estantería Fecha de adquisición Fuente de adquisición Coste, precio normal de compra
2025-12-03   664 M183c 82745 e1 45.00 2025-09-22 FIA Libros físicos No Perdido Clasificación Decimal Dewey No restringido Disponible para préstamos Colección General Ingeniería de industrias alimentarias Biblioteca CRAI UPeU Lima Biblioteca CRAI UPeU Lima Sala principal 2025-09-19 COMPRA 40.00